Catalog

Record Details

Catalog Search



Trénink paměti pro každý věk  Cover Image Book Book

Trénink paměti pro každý věk / Jitka Suchá

Record details

  • ISBN: 978-80-7367-438-0
  • Physical Description: 202 s. : il. ; 21 cm
  • Edition: Vyd. 1.
  • Publisher: Praha : Portál, 2008

Content descriptions

Bibliography, etc. Note:
Obsahuje bibliografii
Subject: trénink paměti
memory training
Genre: příručky
handbooks and manuals

Available copies

  • 1 of 1 copy available at Common Catalog SPOK.

Holds

  • 0 current holds with 1 total copy.
Show Only Available Copies
Location Call Number / Copy Notes Barcode Shelving Location Status Due Date
Jabok Library Ped-9.3.2 424480022925 Odborná literatura Available -

LDR 01111nam a2200337 a 4500
00113513
003CZ-PrJAB
00520191021112907.0
007ta
008080627s2008 xr a e f 000 0 cze
015 . ‡acnb001810783
020 . ‡a978-80-7367-438-0 ‡q(brož.)
035 . ‡a(CZ PrNK)nkc20081810783
035 . ‡a(OCoLC)259736987
040 . ‡aABA001 ‡bcze
072 7. ‡a159.95 ‡xVyšší duševní procesy ‡2Konspekt ‡917
080 . ‡a159.953 ‡2MRF
080 . ‡a(035) ‡2MRF
1001 . ‡aSuchá, Jitka, ‡d1973 prosinec 18.- ‡7mzk2005279555 ‡4aut
24510. ‡aTrénink paměti pro každý věk / ‡cJitka Suchá
250 . ‡aVyd. 1.
260 . ‡aPraha : ‡bPortál, ‡c2008
300 . ‡a202 s. : ‡bil. ; ‡c21 cm
504 . ‡aObsahuje bibliografii
65007. ‡atrénink paměti ‡7ph136760 ‡2czenas
65009. ‡amemory training ‡2eczenas
655 7. ‡apříručky ‡7fd133209 ‡2czenas
655 9. ‡ahandbooks and manuals ‡2eczenas
910 . ‡aABG312
995 . ‡aska
901 . ‡a13513 ‡bCZ PrNK ‡c13513 ‡tbiblio

Additional Resources